| 000 | 00526nam a22001817a 4500 | ||
|---|---|---|---|
| 005 | 20251108172804.0 | ||
| 008 | 250721s2003 xx 000 0 ara d | ||
| 082 | 1 | 4 | _aط/371.3/في |
| 245 | 1 | 0 | _aفي المنزل / |
| 264 | 1 |
_aبيروت : _bمؤسسة المعارف، _c2003. |
|
| 490 | 0 | _aكتابي الأول المصور : عربي - انجليزي | |
| 650 | 1 | 7 | _aالاطفال |
| 650 | 1 | 7 | _aالتعلم |
| 650 | 1 | 7 | _aوسائل التدريس |
| 650 | 1 | 7 | _aالمنزل |
| 942 |
_2ddc _cBK |
||
| 999 |
_c88533 _d88533 |
||